[Event "Challenge"]
[Site "http://www.queenalice.com/game.php?id=157926"]
[Date "2007.1.23"]
[Round "-"]
[White "san"]
[Black "francoghirardelli"]
[Result "0-1"]
[WhiteElo "1055"]
[BlackElo "1100"]

1. e4 e5 2. d3 Nf6 3. Nf3 Nc6 4. Nc3 d6 5. d4 exd4 6. Nxd4 Ng4 7. h3 Nge5 8. Be3
Nb4 9. a3 Nbc6 10. Bf4 g5 11. Bxe5 Nxe5 12. Bb5+ c6 13. Ba4 g4 14. hxg4 Bxg4 15.
Nde2 Qf6 16. O-O Nf3+ 17. gxf3 Bxf3 18. Qe1 Rg8+ 19. Ng3 Qh4 20. e5 Qh1# 0-1

[Event "Challenge"]
[Site "http://www.queenalice.com/game.php?id=160862"]
[Date "2007.1.30"]
[Round "-"]
[White "san"]
[Black "saavik"]
[Result "0-1"]
[WhiteElo "1078"]
[BlackElo "1100"]

1. e4 Nf6 2. d3 d6 3. Nf3 Bg4 4. Be2 c5 5. O-O c4 6. dxc4 Nxe4 7. Ng5 Bf5 8. Bd3
d5 9. Qf3 e6 10. b3 Nxg5 11. Qg3 h6 12. Bb2 Bd6 13. Qe3 O-O 14. cxd5 exd5 15.
Bxf5 Re8 16. Qd3 Qc7 17. Nc3 Bxh2+ 18. Kh1 Na6 19. Nxd5 Qe5 20. Bxe5 Bxe5 21.
Rae1 Nc5 22. Qb5 b6 23. Nxb6 axb6 24. Qxb6 g6 25. Bg4 Nce4 26. Ra1 Reb8 27. Qe3
f5 28. f4 fxg4 29. fxg5 Ng3+ 30. Kg1 Re8 31. Rfe1 Nf5 32. Qc1 Bd4+ 33. Kf1 Ng3#
0-1

[Event "Thiago´s White Knight"]
[Site "http://www.queenalice.com/game.php?id=161005"]
[Date "2007.1.30"]
[Round "-"]
[White "QueenMary23"]
[Black "san"]
[Result "0-1"]
[WhiteElo "1389"]
[BlackElo "1001"]

1. Nf3 d5 2. d4 Nc6 3. h4 Nf6 4. h5 g6 5. h6 Ng4 6. Nc3 f6 7. Nxd5 Qxd5 8. e3
Bxh6 9. c4 Qa5+ 10. Bd2 Qf5 11. d5 Nce5 12. Qa4+ Kd8 13. Nd4 Qxf2+ 14. Kd1 Bd7
15. Qb4 b6 16. Kc2 Bxe3 17. Rd1 Bf5+ 18. Kc1 Bxd4 19. Rh3 Ne3 20. Re1 Nxf1 21.
Bc3 Bc5 22. Qa4 Bxh3 23. gxh3 Nd3+ 24. Kb1 Nxe1 25. Qd1 Kc8 26. Bxe1 Qf5+ 27.
Qc2 Qxh3 28. Qc3 Qf5+ 29. Qc2 Qf4 30. a3 Qe4 31. b4 Qxe1+ 32. Kb2 Bxb4 33. axb4
a5 34. Qc3 Qxc3+ 35. Kxc3 axb4+ 36. Kxb4 Nd2 37. Kb5 Kd7 38. Kb4 c5+ 39. Kc3 Ra2
40. Kd3 Rha8 41. Ke2 R8a3 42. Kf2 Ra1 43. d6 exd6 44. Ke2 Nxc4 45. Kf2 h5 46.
Kg2 R1a2+ 47. Kg1 Rc3 48. Kh1 Rc1# 0-1

[Event "Through the Looking Glass"]
[Site "http://www.queenalice.com/game.php?id=161553"]
[Date "2007.1.31"]
[Round "-"]
[White "henriquerocha"]
[Black "san"]
[Result "1-0"]
[WhiteElo "1444"]
[BlackElo "1038"]

1. c4 e5 2. Nc3 Nf6 3. e4 Be7 4. d4 O-O 5. Nf3 Bb4 6. dxe5 Ng4 7. a3 Bc5 8. b4
Nxf2 9. Qd5 Nxh1 10. Qxc5 c6 11. b5 Re8 12. Bg5 Qc7 13. Qd6 Qb6 14. h4 Qa5 15.
Rc1 Qa4 16. Nxa4 Ng3 17. e6 Nxe4 18. exf7+ Kxf7 19. Ne5+ Kg8 20. Qd4 d6 21. Qxe4
Rxe5 22. Nc3 Rxe4+ 23. Nxe4 Bf5 24. Nxd6 Bg4 25. Nxb7 h6 26. Bf4 Nd7 27. bxc6
Nc5 28. Nxc5 Re8+ 29. Kf2 Rc8 30. c7 Rf8 31. Kg3 Bc8 32. Ne4 Rf5 33. Nd6 Rf8 34.
c5 Rf7 35. Nxc8 Rxc7 36. Bxc7 Kf7 37. Nxa7 Ke7 38. Rd1 Ke6 39. c6 g5 40. hxg5
hxg5 41. Ba5 Kf5 42. c7 Ke5 43. c8=Q Ke4 44. Qe8+ Kf5 45. Rd5+ Kf6 46. Qe5+ Kg6
47. Qxg5+ Kh7 48. Rd4 Kh8 49. Rh4# 1-0

[Event "Challenge"]
[Site "http://www.queenalice.com/game.php?id=177809"]
[Date "2007.3.6"]
[Round "-"]
[White "holandes"]
[Black "san"]
[Result "1-0"]
[WhiteElo "1419"]
[BlackElo "1053"]

1. e4 e5 2. c3 c5 3. g3 Nf6 4. Bg2 d5 5. f3 Qd6 6. d3 b5 7. Na3 Bd7 8. Bd2 h6 9.
h4 b4 10. cxb4 cxb4 11. Nc2 a5 12. g4 Nc6 13. g5 Nh5 14. Ne2 Be7 15. Ne3 hxg5
16. hxg5 Bxg5 17. Nf5 Qg6 18. Bh3 dxe4 19. fxe4 Nd4 20. Nfxd4 exd4 21. Bxd7+
Kxd7 22. Qa4+ Qc6 23. Qxc6+ Kxc6 24. Rc1+ Kd7 25. Bxg5 f6 26. Bf4 g6 27. Rc7+
Kd8 28. Rc6 Rc8 29. Rd6+ Ke7 30. Rxd4 Rc2 31. Bc1 Rhc8 32. Rh3 R8c5 33. Kf2 Rf5+
34. exf5 Rc5 35. fxg6 Rf5+ 36. Kg2 Rc5 37. Rxh5 Rxh5 38. Rg4 Kf8 39. g7+ Kg8 40.
Nf4 Rc5 41. Be3 Rc2+ 42. Kf3 Rxb2 43. Ne6 Rh2 44. Rd4 Rh3+ 45. Kg4 Rxe3 46. Rd8+
Kf7 47. g8=Q+ Ke7 48. Qe8# 1-0

[Event "Challenge"]
[Site "http://www.queenalice.com/game.php?id=179745"]
[Date "2007.3.10"]
[Round "-"]
[White "san"]
[Black "cassi12"]
[Result "1-0"]
[WhiteElo "1159"]
[BlackElo "974"]

1. e4 e5 2. Nc3 Qf6 3. Qf3 Qh4 4. Nd5 Bc5 5. Nxc7+ Kd8 6. Nxa8 Nf6 7. Bd3 Re8 8.
h3 Nc6 9. g3 Qg5 10. Bc4 Nd4 11. Qc3 d5 12. h4 Qg4 13. b4 Qxe4+ 14. Kf1 dxc4 15.
f3 Nxf3 16. bxc5 Qe1+ 17. Kg2 Bh3+ 18. Nxh3 Qe2+ 19. Nf2 Ne4 20. Qxf3 Qxf2+ 21.
Qxf2 Nxf2 22. Kxf2 c3 23. dxc3 e4 24. Bg5+ f6 25. Rhd1+ Kc8 26. Bf4 h6 27. Nc7
Re7 28. Nd5 Re6 29. Re1 f5 30. Rab1 Ra6 31. Ne7+ Kd8 32. Rxb7 Re6 33. Ng8 Kc8
34. Rxa7 Re8 35. Rxg7 1-0

[Event "Vamos jogar de novo ?"]
[Site "http://www.queenalice.com/game.php?id=179890"]
[Date "2007.3.10"]
[Round "-"]
[White "san"]
[Black "valmir"]
[Result "0-1"]
[WhiteElo "1053"]
[BlackElo "955"]

1. e4 h5 2. g4 Rh6 3. gxh5 Nf6 4. d3 e6 5. b4 Bxb4+ 6. Bd2 Qe7 7. a3 Bc5 8. Nf3
Rxh5 9. Ng5 Rh4 10. Nf3 b5 11. Nxh4 a5 12. Bg2 Nd5 13. Nf3 Qf6 14. c3 Qg6 15.
O-O e5 16. Nxe5 Qh7 17. exd5 Bd6 18. Qe2 Nc6 19. dxc6 dxc6 20. Nxc6+ Kf8 21. Nd4
Qxh2# 0-1

[Event "Jogo 2"]
[Site "http://www.queenalice.com/game.php?id=182992"]
[Date "2007.3.16"]
[Round "-"]
[White "san"]
[Black "holandes"]
[Result "1-0"]
[WhiteElo "1068"]
[BlackElo "1461"]

1. Nf3 d5 2. c4 Nf6 3. d4 Be6 4. Nc3 g6 5. Qb3 b6 6. cxd5 Nxd5 7. Ng5 c6 8. Nxe6
fxe6 9. e4 Nxc3 10. bxc3 Qd7 11. Bc4 Kf7 12. a4 Bg7 13. f4 c5 14. f5 gxf5 15.
O-O Ke8 16. Bxe6 Qd6 17. e5 Qc6 18. Rxf5 Na6 19. Bf7+ Kd8 20. d5 Qh6 21. Bxh6
Bxh6 22. g3 Kc7 23. Qb5 Nb8 24. Rf3 Rf8 25. e6 a6 26. Qd3 a5 27. Qxh7 Bd2 28.
Qg7 Na6 29. Qe5+ Kb7 30. d6 exd6 31. Qd5+ Ka7 32. Qxd2 Nc7 33. e7 Rh8 34. Qxd6
Ne8 35. Qd7+ Ka6 36. Bc4+ b5 37. Bxb5+ Kb6 38. Rd3 Nc7 39. Rd6+ Kb7 40. Re1 Kb8
41. Rc6 Ra7 42. Rb6+ 1-0

[Event "Challenge"]
[Site "http://www.queenalice.com/game.php?id=183707"]
[Date "2007.3.17"]
[Round "-"]
[White "Blackdeath"]
[Black "san"]
[Result "1-0"]
[WhiteElo "1574"]
[BlackElo "1159"]

1. e4 c5 2. Nf3 Nf6 3. Nc3 e6 4. e5 Nd5 5. Ne4 Nf4 6. g3 Nd5 7. c4 Nb6 8. b3 Be7
9. a4 Nc6 10. a5 Nd4 11. axb6 Qxb6 12. Nxd4 cxd4 13. d3 O-O 14. Be2 Bb4+ 15. Bd2
d6 16. exd6 Bxd2+ 17. Nxd2 Qxd6 18. Ne4 Qb4+ 19. Nd2 e5 20. Ra4 Qe7 21. Ne4 Bd7
22. Ra2 Bf5 23. Bf3 Qb4+ 24. Qd2 Qxb3 25. O-O Rac8 26. Nd6 Qxd3 27. Qxd3 Rcd8
28. Nxf5 Rfe8 29. Rxa7 Rd7 30. Bxb7 e4 31. Ne7+ Rexe7 32. Ra8+ Rd8 33. Rxd8+ Re8
34. Rxe8# 1-0

[Event "Challenge"]
[Site "http://www.queenalice.com/game.php?id=186556"]
[Date "2007.3.23"]
[Round "-"]
[White "holandes"]
[Black "san"]
[Result "1-0"]
[WhiteElo "1485"]
[BlackElo "1124"]

1. e4 Nf6 2. e5 Nd5 3. c4 Nf4 4. g3 Ne6 5. d4 d5 6. c5 Nc6 7. Nf3 a6 8. Bg2 h6
9. Nc3 g5 10. h4 g4 11. Nd2 Nexd4 12. Bxd5 Nb4 13. Bb3 Bf5 14. Nce4 Nd3+ 15. Kf1
Nxe5 16. Kg2 Ndf3 17. Bc2 e6 18. Nxf3 gxf3+ 19. Kh2 Qd5 20. Nf6+ Ke7 21. Nxd5+
exd5 22. Bxf5 c6 23. Re1 Bg7 24. Qxf3 Kf8 25. Qb3 Rb8 26. Bf4 f6 27. Kg2 a5 28.
Qb6 a4 29. Qc7 Kg8 30. Qxb8+ Kf7 31. Qxb7+ Kf8 32. Be6 d4 33. Bxe5 d3 34. Qf7#
1-0

[Event "Challenge"]
[Site "http://www.queenalice.com/game.php?id=186557"]
[Date "2007.3.23"]
[Round "-"]
[White "san"]
[Black "wellcome"]
[Result "0-1"]
[WhiteElo "1122"]
[BlackElo "1474"]

1. d4 d5 2. Nc3 c6 3. Nf3 Nf6 4. Bf4 Na6 5. a3 Qb6 6. Qc1 Bg4 7. e3 Ne4 8. Ne5
Nxc3 9. Nxg4 h5 10. Ne5 e6 11. Bd3 Nb5 12. a4 Nd6 13. O-O g6 14. Qb1 Nc7 15. b4
Na6 16. b5 cxb5 17. Bxb5+ Nxb5 18. axb5 Nc7 19. c4 dxc4 20. Rc1 Nxb5 21. Nxc4
Qd8 22. Qe4 Qd5 23. Qxd5 exd5 24. Ne5 Bd6 25. Nf3 O-O 26. Rcb1 a6 27. Bg3 Bxg3
28. hxg3 Rab8 29. Rc1 f5 30. Rc5 Rfd8 31. Nh4 g5 32. Nxf5 Kf8 33. Re1 b6 34. Rc6
Rdc8 35. Rf6+ Ke8 36. Re6+ Kf7 37. Rh6 h4 38. gxh4 gxh4 39. Rxh4 Rh8 40. Nh6+
Kg6 41. Nf5 Kxf5 42. Rxh8 Rxh8 43. Rc1 a5 44. Rb1 Nc3 45. Rxb6 Ra8 46. g3 a4 47.
f3 a3 48. Rc6 a2 49. g4+ Kg5 50. Rxc3 a1=Q+ 0-1

[Event "Challenge"]
[Site "http://www.queenalice.com/game.php?id=187395"]
[Date "2007.3.25"]
[Round "-"]
[White "Lauermann"]
[Black "san"]
[Result "1-0"]
[WhiteElo "1659"]
[BlackElo "1150"]

1. e3 d5 2. b3 Nf6 3. Bb2 g6 4. g3 Nc6 5. Bg2 e5 6. Nf3 Bd6 7. O-O e4 8. Nd4 Ne5
9. Nb5 Bg4 10. Qe1 Bb4 11. Bxe5 O-O 12. Nxc7 Rc8 13. c3 Kg7 14. cxb4 Qe7 15.
Bxf6+ Qxf6 16. Nc3 Rxc7 17. Rc1 Rd8 18. Nxd5 Rxc1 19. Qxc1 Rxd5 20. Bxe4 Rd7 21.
Bg2 Qd8 22. Qc3+ f6 23. d4 Rc7 24. Qd2 Qc8 25. b5 Rc2 26. Qa5 Qb8 27. Qb4 Rxa2
28. Qe7+ Kg8 29. Bd5+ Kh8 30. Qxf6# 1-0

[Event "Challenge"]
[Site "http://www.queenalice.com/game.php?id=188853"]
[Date "2007.3.28"]
[Round "-"]
[White "spawnwolfwolverine"]
[Black "san"]
[Result "1-0"]
[WhiteElo "1711"]
[BlackElo "1161"]

1. d3 e5 2. e4 c5 3. Be3 Qc7 4. c4 Qa5+ 5. Nc3 d6 6. Be2 Qc7 7. Nf3 Bg4 8. O-O
Be7 9. Nd5 Qd7 10. Nxe7 Nxe7 11. a3 O-O 12. Ng5 Bxe2 13. Qxe2 Nbc6 14. Qh5 h6
15. Nh3 Qe6 16. f4 f5 17. fxe5 Nxe5 18. Nf4 Qf7 19. Qxf7+ Rxf7 20. exf5 Rd8 21.
Ne6 Rc8 22. Bf4 Rxf5 23. Rad1 g5 24. Bg3 Kf7 25. Rxf5+ Nxf5 26. Bxe5 Kxe6 27.
Bg3 Nxg3 28. hxg3 Rf8 29. b4 b6 30. bxc5 bxc5 31. Re1+ Kd7 32. Kh2 Rb8 33. a4
Rb3 34. Re3 Ra3 35. Rf3 Rxa4 36. Rf7+ Kc6 37. Rf6 Ra3 38. Rxh6 Rxd3 39. Rg6 Rc3
40. Rxg5 Rxc4 41. Rg7 Ra4 42. g4 c4 43. Rg8 c3 44. g5 1-0

[Event "Challenge"]
[Site "http://www.queenalice.com/game.php?id=188855"]
[Date "2007.3.28"]
[Round "-"]
[White "san"]
[Black "spawnwolfwolverine"]
[Result "0-1"]
[WhiteElo "1163"]
[BlackElo "1615"]

1. e4 e6 2. d3 d6 3. c4 c6 4. Bf4 Be7 5. Nf3 e5 6. Be3 Nf6 7. b4 O-O 8. Bg5 Bg4
9. h3 Bxf3 10. Qxf3 Nbd7 11. Qd1 a6 12. Nc3 b5 13. Be2 bxc4 14. dxc4 Ne8 15.
Bxe7 Qxe7 16. Qa4 c5 17. Nd5 Qd8 18. Bg4 Nef6 19. Rd1 Nxe4 20. Bxd7 Qg5 21. Rg1
f5 22. Be6+ Kh8 23. bxc5 dxc5 24. g3 Rfe8 25. Nc7 Nc3 26. Nxe8 Nxa4 27. Nf6 Qxf6
28. Bd7 Nc3 29. Rd3 e4 30. Rd5 Nxa2 31. Kf1 Rd8 32. Bxf5 Rxd5 33. cxd5 Qxf5 34.
g4 Qxd5 35. Ke1 Qd3 36. f3 exf3 37. Rg3 Qe2# 0-1

[Event "Challenge"]
[Site "http://www.queenalice.com/game.php?id=188885"]
[Date "2007.3.28"]
[Round "-"]
[White "san"]
[Black "saavik"]
[Result "0-1"]
[WhiteElo "1167"]
[BlackElo "1512"]

1. e4 d5 2. d3 Nf6 3. Nc3 Bg4 4. f3 Bd7 5. exd5 e6 6. dxe6 fxe6 7. Be3 Na6 8.
Nh3 Nd5 9. Qd2 Qh4+ 10. Bf2 Qf6 11. Be2 Bd6 12. d4 Nf4 13. Bf1 O-O-O 14. g3 Nd5
15. Be2 Nab4 16. a3 e5 17. Nf4 exf4 18. Ne4 Qg6 19. axb4 Bxb4 20. c3 Bd6 21.
Rxa7 Nb6 22. b4 Ba4 23. c4 Kb8 24. Ra5 Bb3 25. Rg5 Qe6 26. c5 Nc4 27. Qd3 Nb2
28. Qd2 Nc4 29. Qc1 Be7 30. Rxg7 Bf8 31. Rg4 Rg8 32. Rxf4 Bh6 33. Bxc4 Bxc4 34.
Rf6 Bxc1 35. Rxe6 Bxe6 36. Ke2 Bc4+ 37. Kd1 Ba3 38. Be3 Bxb4 39. Bg5 Rxd4+ 40.
Nd2 Rxg5 41. Re1 Rxd2+ 42. Kc1 Rxc5 43. Rd1 Bd3# 0-1

[Event "Challenge"]
[Site "http://www.queenalice.com/game.php?id=190609"]
[Date "2007.3.31"]
[Round "-"]
[White "Celestina"]
[Black "san"]
[Result "0-1"]
[WhiteElo "1223"]
[BlackElo "1148"]

1. d4 d5 2. e3 c6 3. Nf3 Qa5+ 4. Bd2 Qc7 5. Nc3 e6 6. h3 Be7 7. Bd3 Nf6 8. Ne5
O-O 9. e4 c5 10. Bf4 cxd4 11. Nb5 Qa5+ 12. c3 Bd8 13. Qf3 dxc3 14. O-O dxe4 15.
Qe3 cxb2 16. Rab1 Qxa2 17. Nd6 Nd5 18. Qg3 exd3 19. Qxd3 Nxf4 20. Qe4 f5 21. Qc2
Bf6 22. Rxb2 Qd5 23. Rb5 Qxd6 24. Rd1 Qa3 25. Nc4 Qa6 26. Ra5 Qc6 27. f3 b6 28.
Ra4 b5 29. Rd6 Qe8 30. Ra5 b4 31. Qd2 e5 32. Qxb4 Be6 33. Ne3 Nc6 34. Qa4 Be7
35. Nc4 Bxd6 36. Nxd6 Qd8 37. Qxc6 Qg5 38. Kf2 Nxg2 39. Ke2 Qe3+ 40. Kd1 Bb3+
41. Qc2 Bxc2+ 0-1

[Event "thiagobertolo"]
[Site "http://www.queenalice.com/game.php?id=192936"]
[Date "2007.4.6"]
[Round "2"]
[White "Sidinei"]
[Black "san"]
[Result "1-0"]
[WhiteElo "2167"]
[BlackElo "1165"]

1. d4 Nc6 2. e4 Nf6 3. e5 Nd5 4. c4 Nf4 5. Bxf4 e6 6. Nf3 Bb4+ 7. Nc3 b6 8. a3
Be7 9. d5 d6 10. Qa4 O-O 11. dxc6 Rb8 12. Qxa7 Rb7 13. cxb7 Bd7 14. exd6 Qa8 15.
bxa8=Q e5 16. dxe7 Re8 17. Nxe5 Rxa8 18. Qxa8+ Be8 19. Qxe8# 1-0

[Event "Challenge"]
[Site "http://www.queenalice.com/game.php?id=196377"]
[Date "2007.4.13"]
[Round "-"]
[White "san"]
[Black "MCA"]
[Result "0-1"]
[WhiteElo "1168"]
[BlackElo "1465"]

1. e4 e6 2. d4 Qe7 3. d5 Qb4+ 4. Nc3 Nf6 5. a3 Qa5 6. Bd2 Qb6 7. Bb5 Bc5 8. Nf3
Bxf2+ 9. Ke2 O-O 10. Rf1 Bc5 11. a4 exd5 12. exd5 Re8+ 13. Be3 Bxe3 14. Qd3 Bf2+
15. Kd1 Ng4 16. Kc1 Re3 17. Qd2 Na6 18. h3 Re7 19. hxg4 Be3 20. a5 Bxd2+ 21.
Nxd2 Qg6 22. Ra4 d6 23. Bd3 Qg5 24. Ne4 Rxe4 25. Rxe4 Bd7 26. Re7 Qxe7 27. Rh1
h6 28. Nf3 Nb4 29. Re1 Qf6 30. Ne5 dxe5 31. Rf1 Nxd3+ 32. Kd2 Qxf1 33. cxd3 Bxg4
34. Kc3 Rd8 35. Kc4 Qc1+ 36. Kb3 Rxd5 37. g3 Rb5+ 38. Ka4 Qxb2 39. a6 Qb4# 0-1